00678 a2200193 4500020001500000020001800015082001300033090001500046100001900061245006200080260004900142300002100191490006000212700001500272830006000287942002600347999001700373952009400390 a0521828236 a9780521828239 a523.8874 c1137d11371 aLorimer, D. R.10aHandbook of pulsar astronomy /cD. R. Lorimer, M. Kramer. a[S.l.] :bCambridge University Press,c2005. a312 p. ;c23 cm.1 aCambridge observing handbooks for research astronomers.1 aKramer, M. 0aCambridge observing handbooks for research astronomers. aSNScBKk523.8874 LOR c29751d29751 00104070aSNSbSNSd2016-05-26l0o523.8874 LORpSNS0001646r2016-05-26w2016-05-26yBK